Pramukh deson ki videsh neetiyan (Record no. 4947)

MARC details
000 -LEADER
fixed length control field 00443nam a2200169Ia 4500
008 - FIXED-LENGTH DATA ELEMENTS--GENERAL INFORMATION
fixed length control field 230917s9999||||xx |||||||||||||| ||und||
020 ## - ISBN
Price RS 995.00
040 ## - CATALOGING SOURCE
-- 5011724
Original cataloging agency VIVEKANANDA LIBRARY
041 ## - Language
-- English
082 ## - DDC NUMBER
Classification number 327 M687P
100 ## - MAIN ENTRY--PERSONAL NAME
Personal name Mishra, M K
245 #0 - TITLE STATEMENT
Title Pramukh deson ki videsh neetiyan
260 ## - PUBLICATION, DISTRIBUTION, ETC. (IMPRINT)
Place of publication, distribution, etc Delhi
Name of publisher, distributor, etc Kalpana Prakashan
Date of publication, distribution, etc 2020
300 ## - PHYSICAL DESCRIPTION
Pages 256 p.
500 ## - GENERAL NOTE
General note 4437 20/01/2022 KKP22/204 21/01/2022 Main Budget
942 ## - ADDED ENTRY ELEMENTS (KOHA)
Koha item type Books
Holdings
Withdrawn status Lost status Damaged status Not for loan Location (home branch) Sublocation or collection (holding branch) Date acquired Koha issues (times borrowed) Koha full call number Accession No. Koha date last seen Koha item type
        VIVEKANANDA LIBRARY VIVEKANANDA LIBRARY 02/03/2022 1 327 M687P 394030 18/10/2025 Books
© Designed and Maintained by Vivekananda Library, MDU Rohtak